000 00862 a2200229 4500
008 080820t xxu||||| |||| 00| 0 eng d
010 _aENG-84849
020 _a8185396523
_c650.00
035 _aEN-68380
037 _bD.B.Act / Pub
082 _a363.7
100 _aGupta, Vishwa Jit
245 _aGlobal warming and environment
_cby Vishwa Jit Gupta
250 _a1st ed.
260 _aDelhi
_bS. S. Publishers
_c2007
270 _aIX/5572, West Seelampur, Gandhi Nagar
_bDelhi
_cDelhi
_e110031
_k22433202
300 _a280p.
_c22 cm. (Hb)
500 _aIncludes bibliographical references and index
650 _aGlobal warming
942 _adpl
_cEN
_k363.7 / GUP
_2ddc
_h363.7
_m GUP
999 _c591
_d591